000
00277nam a2200121Ia 4500
008
241002s9999 xx 000 0 und d
082
_a
921.1 EDM
100
_a
Edman Irwin
245
0
_a
Philosophers Holiday
260
_a
New York:
_c
1956
600
_a
Philosophy
942
_c
UC
999
_c
18411
_d
18411